000 00472nam a2200145Ia 4500
005 20250424120315.0
008 250424s9999 xx 000 0 und d
022 _a01892568
050 _aHD 70.N43 .N54/
245 0 _aNigerian management review : a journal of the Centre for Management Development.
260 _c2021
300 _a125 p. :ill. ; 29 cm.
650 _aManagement--Nigeria--Periodicals. Nigeria--Economic conditions--1970---Periodicals.
942 _cSR
999 _c38567
_d38567